| 000 | 00851cam a22002413a 4500 | ||
|---|---|---|---|
| 001 | 23481 | ||
| 003 | PGUSA | ||
| 005 | 20140828083512.0 | ||
| 008 | 071115s2007||||xxu|||||s|||||000 e eng d | ||
| 040 |
_aPGUSA _beng |
||
| 042 | _adc | ||
| 050 | 4 | _aPS | |
| 100 | 1 |
_aBergengren, Ralph, _d1871-1947 |
|
| 245 | 1 | 4 |
_aThe Perfect Gentleman _h[electronic resource] / _cRalph Bergengren |
| 260 |
_bProject Gutenberg, _c2007 |
||
| 505 | 0 | _aThe perfect gentleman -- As a man dresses -- In the chair -- Oh, shining shoes! -- On making calls -- The lier in bed -- To bore or not to bore -- Where toils the tailor -- Shaving thoughts -- Oh, the afternoon tea! | |
| 506 | _aPublic domain in the USA. | ||
| 516 | _aElectronic text | ||
| 653 | _aEssays | ||
| 830 | 0 |
_aProject Gutenberg _v23481 |
|
| 856 | 4 | 0 | _uhttp://www.gutenberg.org/ebooks/23481 |
| 942 | _cEB | ||
| 999 |
_c252736 _d252736 |
||